000 01082nam0a2200325 4500
001 RU\NLR\bibl\46545
005 20250616082526.0
010 _a5-7024-0910-8
_986000
021 _aRU
_b99-23585
_91146
035 _a(NLR Aleph) 000045396
090 _a240207
_c240207
100 _a19990909d1999 |||y0rusy50 ca
101 1 _arus
_ceng
102 _aRU
105 _ay |||||||||
200 1 _aВерить в чудо
_eРоман
_fОдри Хэсли
_g[Пер. с англ. Л.М. Данько]
210 _aМ.
_cМеждунар. журн. "Панорама"
_d1999
215 _a188 с.
_d17
225 1 _aПанорама романов о любви
311 _aЛит.-худож. прил. к междунар. журн. "Панорама"
422 0 _12001#$aПанорама
_tПанорама
686 _aШ6(82)67-440.4{Лх3018-50}
700 1 _aХэсли
_bО.
_gОдри
_4070
801 0 _aRU
_bNLR
_c19990909
_gPSBO
801 1 _aRU
_bNLR
_c19990909
852 _aNLR
_j99-2/1822
942 _cBOOK
980 _aNB